000 00921nam a22002417a 4500
005 20080708162255.0
008 080708t xxu||||| |||| 00| 0 eng d
010 _aENG-90493
020 _a8189901585
_c350.00
035 _aEN-74026
037 _bDBAD / PUB
040 _aDPL
_bEN
082 _a332.31
100 _aAdawal, Shanker
245 _aRole of nationalised banks in agricultural productivity:
_cby Shanker Adawal
_b(a case study of Deonia District) /
260 _aDelhi
_bAcademic Excellence
_c2008
270 _a42, Ekta Apartments, Geeta Colony,
_bDelhi
_e110031
300 _av, 174p.
_c22 cm (Hb)
500 _aIncludes bibliographical references
700 _a
942 _2ddc
_cEN
_h332.31
_mADA
999 _c14311
_d14311